Pięć najczęściej zgadywanych flag według kontynentu - Statystyki

Ogólne statystyki
  • Ten quiz został rozwiązany 9 402 razy
  • Średni wynik to 28 z 30
Statystyki odpowiedzi
Kontynent % Państwo % Poprawnych
Ameryka Północna 79 {Stany Zjednoczone}
99%
Azja 79 {Japonia}
99%
Azja 78 {Chiny}
99%
Ameryka Północna 79 {Kanada}
99%
Europa 79 {Polska}
99%
Europa 79 {Niemcy}
99%
Europa 79 {Rosja}
99%
Azja 78 {Korea Południowa}
98%
Azja 78 {Turcja}
98%
Europa 79 {Francja}
98%
Europa 79 {Wielka Brytania}
98%
Afryka 74 {Egipt}
97%
Ameryka Południowa 78 {Argentyna}
97%
Azja 77 {Cypr/Indie/Izrael}
97%
Ameryka Południowa 79 {Brazylia}
97%
Ameryka Północna 76 {Meksyk}
97%
Oceania 74 {Australia}
97%
Ameryka Południowa 74 {Chile}
95%
Oceania 69 {Nowa Zelandia}
95%
Afryka 73 {Republika Południowej Afryki}
95%
Afryka 71 {Maroko}
94%
Afryka 70 {Nigeria}
93%
Ameryka Północna 72 {Jamajka}
92%
Ameryka Południowa 70 {Urugwaj}
92%
Afryka 67 {Kenia/Tunezja}
91%
Ameryka Północna 67 {Kuba}
91%
Ameryka Południowa 69 {Kolumbia}
90%
Oceania 53 {Papua-Nowa Gwinea}
77%
Oceania 48 {Fidżi}
71%
Oceania 47 {Kiribati/Mikronezja}
69%
Nie znaleziono quizów pasujących do podanych kryteriów
Rozkład punktacji
Procent ludzi z każdym wynikiem
Percentyl według liczby udzielonych odpowiedzi
Twoja historia wyników
Nie rozwiązałeś tego quizu